अन्ततः / (Record no. 118068)
[ view plain ]
| 000 -LEADER | |
|---|---|
| fixed length control field | 00952nam a22002537a 4500 |
| 005 - DATE AND TIME OF LATEST TRANSACTION | |
| control field | 20170124103105.0 |
| 010 ## - LIBRARY OF CONGRESS CONTROL NUMBER | |
| LC control number | A-586411 |
| 020 ## - INTERNATIONAL STANDARD BOOK NUMBER | |
| Terms of availability | 30.00 |
| 035 ## - SYSTEM CONTROL NUMBER | |
| System control number | A-586411 |
| 037 ## - SOURCE OF ACQUISITION | |
| Source of stock number/acquisition | Cen Lib/Ret |
| 040 ## - CATALOGING SOURCE | |
| Original cataloging agency | DPL |
| Language of cataloging | HN |
| 082 ## - DEWEY DECIMAL CLASSIFICATION NUMBER | |
| Classification number | 822 |
| Item number | विवेका |
| 100 ## - MAIN ENTRY--PERSONAL NAME | |
| Personal name | विवेकानन्द |
| 9 (RLIN) | 43304 |
| 245 ## - TITLE STATEMENT | |
| Title | अन्ततः / |
| Statement of responsibility, etc | विवेकानन्द |
| 246 ## - VARYING FORM OF TITLE | |
| Title proper/short title | Antatah / |
| Remainder of title | by Vivekanand |
| 260 ## - PUBLICATION, DISTRIBUTION, ETC. (IMPRINT) | |
| Place of publication, distribution, etc | नयी दिल्ली |
| Name of publisher, distributor, etc | भारतीय ज्ञानपीठ |
| Date of publication, distribution, etc | 1990 |
| 270 ## - ADDRESS | |
| Address | 18, इंस्टीट्युशनल एरिया |
| City | नयी दिल्ली |
| Postal code | 110003 |
| 300 ## - PHYSICAL DESCRIPTION | |
| Extent | 50पृ. |
| Dimensions | 21सेमी (अजिल्द) |
| 650 ## - SUBJECT ADDED ENTRY--TOPICAL TERM | |
| Topical term or geographic name as entry element | साहित्य--नाटक |
| 9 (RLIN) | 147 |
| 650 ## - SUBJECT ADDED ENTRY--TOPICAL TERM | |
| Topical term or geographic name as entry element | हिन्दी नाटक |
| 9 (RLIN) | 1413 |
| 650 ## - SUBJECT ADDED ENTRY--TOPICAL TERM | |
| Topical term or geographic name as entry element | Literature--Drama |
| 9 (RLIN) | 78202 |
| 650 ## - SUBJECT ADDED ENTRY--TOPICAL TERM | |
| Topical term or geographic name as entry element | Hindi drama |
| 9 (RLIN) | 78203 |
| 942 ## - ADDED ENTRY ELEMENTS (KOHA) | |
| Source of classification or shelving scheme | Dewey Decimal Classification |
| Koha item type | Hindi Books |
| Classification part | 822 |
| Call number suffix | विवेका |
| Withdrawn status | Lost status | Damaged status | Not for loan | Home library | Current library | Date acquired | Source of acquisition | Cost, normal purchase price | Total Checkouts | Full call number | Barcode | Date last seen | Copy number | Cost, replacement price | Price effective from | Koha item type |
|---|---|---|---|---|---|---|---|---|---|---|---|---|---|---|---|---|
| Central Library | Central Library | 09/09/2015 | Cen Lib/Ret | 30.00 | 822 विवेका | A-586411 | 09/09/2015 | 1 | 30.00 | 09/09/2015 | Hindi Books | |||||
| Central Library | Central Library | 10/09/2015 | Cen Lib/Ret | 30.00 | 822 विवेका | A-563826 | 10/09/2015 | 1 | 30.00 | 10/09/2015 | Hindi Books |
